000 00541cam a2200193 a 4500
001 000006308
005 20200929153919.0
008 860703s1985 fr 000 1 fre
020 _a2863741934
040 _aDO-SdBNP
_bspa
_cBNPHU
082 _a843.914
_bV381b
100 1 _aVautrin, Jean,
_d1933-
_917599
245 1 0 _aBaby boom /
_cJean Vautrin.
260 _aParis :
_bMazarine,
_c1985.
300 _a243 p. ;
_c21 cm.
490 1 _aLe Livre de Poche :
_vno. 6231
650 4 _aNovela francesa
_91075
650 4 _aLiteratura francesa
_91074
999 _c6103
_d6103